[Event "Mlada Boleslav Region-ch U20"]
[Site "Mlada Boleslav"]
[Date "2014.06.21"]
[Round "2"]
[White "Jary, Zbynek"]
[Black "Sefcik, Jiri"]
[Result "0-1"]
[WhiteElo "1556"]
[BlackElo "1329"]
[PlyCount "32"]
[EventDate "2014.06.21"]
[EventType "swiss"]
[EventRounds "7"]
[EventCountry "CZE"]
[SourceTitle "EXT 2016"]
[Source "ChessBase"]
[SourceDate "2015.10.08"]
[SourceVersion "1"]
[SourceVersionDate "2015.10.08"]
[SourceQuality "1"]

1. d4 d5 2. g3 Nf6 3. Nf3 Nc6 4. Bg5 Bf5 5. Bxf6 exf6 6. c3 Bd6 7. Bg2 Qd7 8. 0-0 Bh3 9. Nbd2 0-0-0 10. e4 dxe4 11. Nxe4 Qf5 12. Nxd6+ Rxd6 13. Nh4 Qd7 14. Qf3 Bg4 15. Qf4 g5 16. Bxc6 Rxc6 0-1

[Event "Mlada Boleslav Region-ch U20"]
[Site "Mlada Boleslav"]
[Date "2013.06.22"]
[Round "3"]
[White "Feldstein, Stepan"]
[Black "Sefcik, Jiri"]
[Result "0-1"]
[WhiteElo "1250"]
[BlackElo "1407"]
[PlyCount "100"]
[EventDate "2013.06.22"]
[EventType "swiss"]
[EventRounds "7"]
[EventCountry "CZE"]
[SourceTitle "EXT 2015"]
[Source "ChessBase"]
[SourceDate "2014.11.20"]
[SourceVersion "1"]
[SourceVersionDate "2014.11.20"]
[SourceQuality "1"]

1. e4 e5 2. Nf3 Nc6 3. Bc4 Nf6 4. Nc3 Nxe4 5. Nxe4 d5 6. Bxd5 Qxd5 7. Nc3 Qd8 8. Qe2 Bg4 9. h3 Bxf3 10. Qxf3 Bd6 11. d3 Nd4 12. Qd1 0-0 13. Be3 Qe7 14. Nd5 Qd7 15. c3 Nf5 16. Qg4 Rae8 17. 0-0 b6 18. Bg5 Qc8 19. Nf6+ Kh8 20. Qh5 gxf6 21. Bxf6+ Ng7 22. Qg5 Rg8 23. Rad1 Qd7 24. Rfe1 Be7 25. Rxe5 Bxf6 26. Qxf6 Rxe5 27. Qxe5 Re8 28. Qf6 Re2 29. c4 Qe7 30. Qc3 Qc5 31. Rf1 Kg8 32. d4 Qa5 33. Qb3 Re1 34. d5 Qd2 35. Qg3 Rxf1+ 36. Kh2 Qxf2 37. Qxc7 Rg1 38. Qd8+ Ne8 39. Qxe8+ Kg7 40. Qe5+ f6 41. Qe7+ Kg6 42. Qe8+ Kf5 43. Qe6+ Kg6 44. Qe8+ Kg5 45. Qg8+ Kf4 46. Qg4+ Ke3 47. Qe6+ Kd2 48. Qe4 f5 49. Qf3 Qe1 50. Qxf5 Rh1# 0-1

[Event "Mlada Boleslav Region-ch U20"]
[Site "Mlada Boleslav"]
[Date "2012.06.23"]
[Round "1"]
[White "Horak, Martin"]
[Black "Sefcik, Jiri"]
[Result "1-0"]
[WhiteElo "1765"]
[BlackElo "1253"]
[PlyCount "37"]
[EventDate "2012.06.23"]
[EventType "swiss"]
[EventRounds "7"]
[EventCountry "CZE"]
[SourceTitle "EXT 2014"]
[Source "ChessBase"]
[SourceDate "2013.11.20"]
[SourceVersion "1"]
[SourceVersionDate "2013.11.20"]
[SourceQuality "1"]

1. e4 e5 2. f4 exf4 3. Nf3 Nc6 4. d4 d5 5. exd5 Qxd5 6. Nc3 Bb4 7. a3 Bxc3+ 8. bxc3 Qf5 9. Bd3 Qe6+ 10. Qe2 Qxe2+ 11. Kxe2 Bg4 12. Bxf4 0-0-0 13. h3 Bd7 14. Kd2 Re8 15. Rhf1 Nf6 16. Ne5 Nxe5 17. Bxe5 Re6 18. Bc4 Ne4+ 19. Kd3 1-0

[Event "Mlada Boleslav Region-ch U20"]
[Site "Mlada Boleslav"]
[Date "2012.06.23"]
[Round "2"]
[White "Sefcik, Jiri"]
[Black "Rerabkova, Eliska"]
[Result "0-1"]
[WhiteElo "1253"]
[BlackElo "1250"]
[PlyCount "54"]
[EventDate "2012.06.23"]
[EventType "swiss"]
[EventRounds "7"]
[EventCountry "CZE"]
[SourceTitle "EXT 2014"]
[Source "ChessBase"]
[SourceDate "2013.11.20"]
[SourceVersion "1"]
[SourceVersionDate "2013.11.20"]
[SourceQuality "1"]

1. e4 c5 2. Nf3 d6 3. Bb5+ Bd7 4. Bxd7+ Nxd7 5. 0-0 Ngf6 6. d3 g6 7. Be3 Bg7 8. Nc3 0-0 9. Qd2 Ng4 10. h3 Nxe3 11. Qxe3 Qb6 12. Rab1 Nf6 13. e5 dxe5 14. Nxe5 Qd6 15. Nb5 Qb6 16. c4 a6 17. Nc3 Rad8 18. Rfd1 Qe6 19. f4 Nd7 20. Re1 Nxe5 21. fxe5 Qf5 22. e6 Rxd3 23. exf7+ Rxf7 24. g4 Rxe3 25. gxf5 Rxe1+ 26. Rxe1 gxf5 27. Nd5 Bd4+ 0-1